Women, religion, and family law : (Record no. 1916)
[ view plain ]
| 000 -LEADER | |
|---|---|
| fixed length control field | 007240000a22002050004500 |
| 003 - CONTROL NUMBER IDENTIFIER | |
| control field | LK-CoMWRAF |
| 008 - FIXED-LENGTH DATA ELEMENTS--GENERAL INFORMATION | |
| fixed length control field | 230817t1992 ||||| |||| 00| 0 eng d |
| 020 ## - INTERNATIONAL STANDARD BOOK NUMBER | |
| International Standard Book Number | 9839213008 |
| 040 ## - CATALOGING SOURCE | |
| Original cataloging agency | MWRAF |
| Modifying agency | MWRAF |
| Description conventions | MWRAF |
| 082 ## - DEWEY DECIMAL CLASSIFICATION NUMBER | |
| Classification number | 305.4095 |
| Item number | ASI |
| 942 ## - ADDED ENTRY ELEMENTS (KOHA) | |
| Koha item type | Conference Proceeding |
| 111 ## - MAIN ENTRY--MEETING NAME | |
| Meeting name or jurisdiction name as entry element | ASIA PACIFIC FORUM ON WOMEN, LAW AND DEVELOPMENT |
| Location of meeting | ( Dhaka, Bangladesh |
| Date of meeting | 16-18 October 1992) |
| 245 ## - TITLE STATEMENT | |
| Title | Women, religion, and family law : |
| Remainder of title | a report of a regional consultation |
| 260 ## - PUBLICATION, DISTRIBUTION, ETC. (IMPRINT) | |
| Place of publication, distribution, etc. | Kuala Lumpur |
| Name of publisher, distributor, etc. | Asia Pacific Forum on Women, Law and Development, |
| Date of publication, distribution, etc. | [1994?] |
| 300 ## - PHYSICAL DESCRIPTION | |
| Extent | 77 p. : ill. ; 24 cm |
| 650 ## - SUBJECT ADDED ENTRY--TOPICAL TERM | |
| Topical term or geographic name as entry element | Domestic relations- Asia- Congresses |
| 650 ## - SUBJECT ADDED ENTRY--TOPICAL TERM | |
| Topical term or geographic name as entry element | Women Legal status, laws |
| 650 ## - SUBJECT ADDED ENTRY--TOPICAL TERM | |
| Topical term or geographic name as entry element | Women and religion |
| 650 ## - SUBJECT ADDED ENTRY--TOPICAL TERM | |
| Topical term or geographic name as entry element | Women's rights |
| Withdrawn status | Lost status | Damaged status | Not for loan | Permanent Location | Current Location | Date acquired | Full call number | Barcode | Koha item type |
|---|---|---|---|---|---|---|---|---|---|
| Resource center, Muslim Women's Research And Action Forum | Resource center, Muslim Women's Research And Action Forum | 2023-08-17 | 305.4095 ASI | RAF4437 | Conference Proceeding |

